000 00400nam a2200145Ia 4500
008 210210b2003 xxu||||| |||| 00| 0 eng d
082 _a954 HEBH
100 _aHEBBAR (V R) and MOORTHY (Malathi K).
245 _aHistory of india: a d 1857-1964.
260 _aMangalore
_bMangala publications
_c2003
300 _aviii,336
650 _aModern India
690 _aIndian History
906 _aSG04827
999 _c115538
_d115538